00287nam a2200097Ia 4500008004100000020001800041100002800059245004300087260004000130300001900170180205s9999 xx 000 0 und d a9789715847056 aClark, Carolyn chambers aClassroom skills for nurse educators / aQuezon CitybC & E publishingc2008 aiii, 417 pages